00459nam a22001217a 4500008004100000082002000041110000900061245018400070260003300254300001000287365001000297650003000307210204b ||||| |||| 00| 0 eng d00a341.7566bI325  aIMCO10aInternational Conference on Safety of Life at Sea, 1974 : final act of the conference, with attachments, including the International Convention for the Safety of Life at Sea, 1974 aBombaybBhandarkar Pubc1982 a318p. d40.00 0aShips--Safety regulations